Villes françaises sur le littoral (mort subite) - Statistiques

Statistiques générales
  • Ce quiz a été pris 220 fois
    122 depuis la dernière actualisation
  • Le résultat moyen est 6 sur 15
Answers on the Grid
Answers color-coded by a green-red scale on the quiz's grid according to % correct below.
Abbeville
Aix-en-Provence
Hendaye
Bastia
Bayonne
Béziers
Brest
Caen
Calais
Calvi
Cherbourg-en-Cotentin
Dieppe
Dunkerque
Guingamp
La Rochelle
Lorient
Marseille
Menton
Montpellier
Nantes
Narbonne
Nice
Nîmes
Perpignan
Quimper
Rennes
Rouen
Sète
 
Statistiques - réponses
Réponse % Correct
Nice
55%
La Rochelle
53%
Brest
52%
Marseille
50%
Dunkerque
45%
Calais
40%
Menton
40%
Bastia
35%
Dieppe
35%
Lorient
33%
Sète
33%
Hendaye
28%
Cherbourg-en-Cotentin
27%
Calvi
23%
Narbonne
22%
Aucun quiz correspondant
Distribution des résultats
% des personnes avec chaque résultat
Percentile par nombre de réponses
Votre historique - résultats
Vous n’avez pas pris ce quiz depuis la dernière actualisation